I Fiori Del Male

Saved in:
Bibliografiske detaljer
Hovedforfatter: Baudelaire
Format: Bog
Sprog:ukendt sprog
Udgivet: Feltrinelli
Tags: Tilføj Tag
Ingen Tags, Vær først til at tagge denne postø!

MARC

LEADER 00000nam a2200000Ia 4500
001 R-1330
003 CODICE-MESSINA
005 20260212102505.0
008 260211s9999 xx 000 0 und d
040 |c importazione_messina 
100 |a Baudelaire 
245 0 |a I Fiori Del Male 
260 |b Feltrinelli 
942 |2 ddc  |c BK 
952 |0 0  |1 0  |2 ddc  |4 0  |6 SCAFFALE_12_000000000000000__POESIA  |7 0  |9 32163  |a ME  |b ME  |d 2026-02-11  |l 0  |o SCAFFALE 12 - POESIA  |p R-1330  |r 2026-02-11 23:53:00  |w 2026-02-11  |x [REVISIONARE]  |y BK 
999 |c 27830  |d 27830